00869nam a2200157 a 450000100100000000500170001000800410002704000250006811000880009324501280018124601780030926000820048730000200056995201050058999900170069400004510720201002045901.0150203s2009 dr 000 0 spa d aDO-SdBNPbspacBNPHU1 aRepública DominicanabSecretaría de Estado de Administración Pública95755710aReglamento de Evaluación del Desempeño y Promoción de los Servidores y Funcionarios de la administración pública.12aReglamento de evaluación del desempeño y promoción de los servidores y funcionarios de la administración pública (no. 525-09) (de aplicación de la ley No. 41-08) aSanto Domingo :bSecretaría de Estado de Administración Pública,c2009. a40 p. ;c21 cm. 0010718PDaPDbPDcCTd2015-02-03iLF1l0o p45107-10r2020-06-25w2020-06-25yLFPDZNo se presta c44596d44596